Statistics for Countries That Begin With Ham

Click here to take the quiz!

General Stats

  • This quiz has been taken 36 times
  • The average score is 27 of 32

Answer Stats

HintMAnswer% Correct
AAlbania
96%
AAlgeria
93%
AAngola
93%
AAustralia
93%
AAustria
93%
AAzerbaijan
93%
AAfghanistan
89%
AAndorra
89%
AAntigua and Barbuda
89%
AArgentina
89%
AArmenia
89%
HHaiti
89%
HHungary
89%
MMalaysia
89%
MMauritius
89%
HHonduras
85%
MMali
85%
MMauritania
85%
MMonaco
85%
MMoldova
81%
MMongolia
81%
MMontenegro
81%
MMadagascar
78%
MMalawi
78%
MMalta
78%
MMorocco
78%
MMozambique
78%
MMarshall Islands
74%
MMexico
74%
MMyanmar (Burma)
74%
MFederated States of Micronesia
70%
MMaldives
70%

Score Distribution

Percentile by Number Answered

Percent of People with Each Score

Your Score History

You have not taken this quiz